LEADER 01458oam 22004333a 450 001 9910695821803321 005 20070615154405.0 035 $a(CKB)5470000002373576 035 $a(OCoLC)49188078 035 $a(EXLCZ)995470000002373576 100 $a20020214d2000 ua 0 101 0 $aeng 181 $ctxt$2rdacontent 182 $cc$2rdamedia 183 $acr$2rdacarrier 200 00$aMagazine subscription scams$b[electronic resource] 210 1$a[Washington, D.C.] :$cFederal Trade Commission, Bureau of Consumer Protection, Office of Consumer and Business Education,$d[2000] 215 $a4 unnumbered pages $cdigital, PDF file 225 1 $aFTC facts for consumers 300 $aTitle from title screen (viewed on June 15, 2007). 300 $a"November 2000"--P. [4] 606 $aSerials subscription agencies$xCorrupt practices$zUnited States 606 $aTelemarketing$xCorrupt practices$zUnited States 615 0$aSerials subscription agencies$xCorrupt practices 615 0$aTelemarketing$xCorrupt practices 676 $a011.53 676 $a381.34 676 $a658.84 676 $a050 676 $a364.163 712 02$aUnited States.$bFederal Trade Commission.$bOffice of Consumer and Business Education. 801 0$bN@F 801 1$bN@F 801 2$bOCLCQ 801 2$bGPO 906 $aBOOK 912 $a9910695821803321 996 $aMagazine subscription scams$93155227 997 $aUNINA